Complete the lyrics: Lose Yourself - Statistics

Statistiche generali
  • Questo quiz è stato fatto 21 volte
  • Il punteggio medio è 5 su 10
Statistiche sulle risposte
Domanda Risposta % Corretto
He knows when he goes ___ __ this mobile home, that's when it's Back To
86%
The moment, you own it, you better never ___ it __ Let Go
86%
But he won't ___ __ that easy, no, he won't have it Give Up
81%
To drop bombs, but he ____ __ forgetting Keeps On
76%
The clock's __ ___, time's up, over blaow Run Out
62%
This h*** ____ ___ him no more, he's cold product Don't Want
43%
They ____ __ to the next schmoe who flows Moved On
43%
___ ____ to reality, ope there goes gravity Snap Back
38%
This ___ be the only opportunity that I got May
24%
___ ______ go capture this moment and hope it don't pass him Had Better
10%
Nessun quiz corrispondente trovato
Distribuzione punteggi
Percentuale di utenti per punteggio
Percentile per numero di risposta
I tuoi punteggi nel tempo
Non hai fatto questo quiz